| 000 | 00451nam a2200157Ia 4500 | ||
|---|---|---|---|
| 008 | 210719s1957 xx 000 0 und d | ||
| 041 | _aeng | ||
| 082 | _a515.33 KHAD | ||
| 100 | _aKHANNA (M L) | ||
| 245 | _aDifferential calculus made easy for B A and B Sc students. | ||
| 260 |
_aMeerut _bJai Prakash Nath & Co _c1957 |
||
| 300 |
_axxiv,510 _bHB |
||
| 365 |
_b5 _cRs |
||
| 650 | _aDifferential Calculus | ||
| 906 | _aDifferential calculus made easy | ||
| 999 |
_c212901 _d212901 |
||